طائفة الدروز : (Record no. 14567)
[ view plain ]
| 000 -الفاتح | |
|---|---|
| حقل البيانات ثابتة الطول | 00870nam a22001937a 4500 |
| 008 - عناصر البيانات ثابتة الطول - معلومات عامة | |
| حقل البيانات ثابتة الطول | 100727t1968 xxu||||| |||| 00| 0 ara d |
| 082 ## - رقم تصنيف ديوى العشرى | |
| رقم الطبعة | 22 |
| رقم التصنيف | 297.85 |
| رقم المادة | ح س ي |
| 100 1# - المدخل الرئيسى - إسم شخصى | |
| 9 (RLIN) | 14983 |
| الإسم الشخصى | حسين، محمد كامل |
| 245 ## - بيان العنوان | |
| العنوان | طائفة الدروز : |
| بقية العنوان | تاريخها وعقائدها / |
| بيان المسئوليه,etc | محمد كامل حسين |
| 250 ## - بيان الطبعة | |
| بيان الطبعة | ط 2. |
| 260 ## - PUBLICATION, DISTRIBUTION, ETC. (IMPRINT) | |
| مكان الناشر او الموزع | القاهرة : |
| اسم الناشر او الموزع | دار المعارف ، |
| تاريخ النشر أو التوزيع | 1968. |
| 300 ## - الوصف المادى | |
| التعداد | 127 ص ؛ |
| أبعاد الوعاء | 24 سم. |
| 490 ## - بيان السلسلة | |
| -- | 15363 |
| عنوان السلسلة | مكتبة الدراسات التاريخية |
| 504 ## - تبصرة ببليوجرافية | |
| تبصرة ببليوجرافية,الخ | يحتوى على إرجاعات ببليوجرافية |
| 541 ## - تبصرة المصدر المباشر للتزويد | |
| مصدر التزويد | ألف باء ؛ |
| طريقة التزويد | شراء ؛ |
| 650 ## - المدخل الاضافى بالموضوع-مصطلح موضوعى | |
| 9 (RLIN) | 14827 |
| مصطلح موضوعي أو اسم جغرافي كعنصر مدخل | الدروز (الشيعة) |
| 942 ## - عناصر المدخل الإضافي( كوها) | |
| مصدر التصنيف او مخطط الترفيف | Dewey Decimal Classification |
| Koha [default] item type | Book - Borrowing |
| حالة التراجع | حالة الفقد | مصدر التصنيف او خطة الترفيف | حالة تلف | ليس للاعارة | مجموعات كوها | المكان الدائم | المكان الحالي | موقع الترفيف | تاريخ الاكتساب | رقم الاستدعاء | الباركود | Date last seen | نوع الوعاء |
|---|---|---|---|---|---|---|---|---|---|---|---|---|---|
| Dewey Decimal Classification | Alef-Baa | Central Library | Central Library | Lower Floor | 27/07/2010 | 297.85 ح س ي | 000021601 | 15/07/2025 | Book - Borrowing |